Minerais dans Minecraft - Statistiques

Statistiques générales
  • Ce quiz a été pris 35 900 fois
    34 913 depuis la dernière actualisation
  • Le résultat moyen est 9 sur 11
Statistiques - réponses
Minerais % Correct
Diamant
97%
Or
97%
Or du Nether
97%
Fer
96%
Charbon
84%
Lapis lazuli
79%
Emeraude
76%
Redstone
76%
Cuivre
75%
Débris antiques
69%
Quartz du Nether
69%
Aucun quiz correspondant
Distribution des résultats
% des personnes avec chaque résultat
Percentile par nombre de réponses
Votre historique - résultats
Vous n’avez pas pris ce quiz depuis la dernière actualisation